Ciencias naturales 7 /
Guardado en:
| Autor Principal: | |
|---|---|
| Otros Autores: | , , , , |
| Formato: | Libro |
| Publicado: |
Buenos Aires :
Estrada,
2008
|
| Edición: | 3a. ed. |
| Series: | Entender
|
| Materias: | |
| Etiquetas: |
Agregar Etiqueta
Sin Etiquetas, Sea el primero en etiquetar este registro!
|
| LEADER | 01440nam a22002895a 4500 | ||
|---|---|---|---|
| 001 | CEM.cems017118 | ||
| 008 | 130507s2008##################000#0#####d | ||
| 005 | 20230801114053.0 | ||
| 245 | 1 | 0 | |a Ciencias naturales 7 / |c Elena Adragna ... [et Al.] |
| 250 | |a 3a. ed. | ||
| 260 | |a Buenos Aires : |b Estrada, |c 2008 | ||
| 300 | |a 288 p. | ||
| 490 | 0 | |a Entender | |
| 505 | 0 | |a La materia y sus propiedades -- Las mezclas y las transformaciones químicas -- 3 : El calor y los cambios de estado -- Fuerzas y movimiento -- Electricidad y magnetismo -- El sonido y la luz -- La tierra en el universo -- Los subsistemas terrestres -- La historia de la tierra -- Los recursos naturales -- La diversidad de los seres vivos -- Las plantas -- Los animales -- Los ecosistemas -- Los ambientes y los seres vivos -- La evolución de los seres vivos -- La nutrición en el ser humano -- Reproducción y desarrollo en los seres humanos -- El cuerpo humano y la salud | |
| 020 | |a 9789500108836 | ||
| 100 | 1 | |a Adragna, Elena | |
| 700 | 1 | |a Consoni, Silvia | |
| 700 | 1 | |a Landi, Cristina | |
| 700 | 1 | |a Sellés-martínez, José | |
| 700 | 1 | |a Velasco, Francisco | |
| 700 | 1 | |a Venero, Roberto | |
| 082 | 0 | 4 | |a 570 |
| 653 | |a Ciencias naturales-7º esb | ||
| 653 | |a Biología | ||
| 653 | |a Fotosíntesis | ||
| 859 | |a CEMS |b BIB. CEMS - Agricultura |h 570 |i Ad81 |p A0814.08 |t Ej.1 |v 7 |3 7 | ||
| 859 | |a CEMS |b BIB. CEMS - Agricultura |h 570 |i Ad81 |p A3317.21 |t Ej.2 |v 7 |3 7 | ||
